| 000 | 01791cam a22002175a 4500 | ||
|---|---|---|---|
| 001 | L155542 | ||
| 008 | 120327s1675 xxk f 000 0 eng d | ||
| 035 | _a(Sirsi) u155542 | ||
| 041 | 0 | _aeng | |
| 100 | 1 |
_aWorlidge, John _dfl. 1660-1698 |
|
| 240 |
_aSystema agriculturae _pPart 1 |
||
| 245 | 0 | 0 |
_aSystema agriculturae _bthe mystery of husbandry discovered: treating of the several new and most advantagious ways of tilling, planting, sowing, manuring, ordering, improving of all sorts of gardens, orchards, meadows, pastures, corn-lands, woods & coppices. As also of fruits, corn, grain, pulse, new-hays, cattle, fowl, beasts, bees, silk-worms, &c. With an account of the several instruments and engines used in this profession. To which is added kalendarium rusticum: or, the husbandmans monthly directions. Also the prognosticks of dearth, scarcity, plenty, sickness, heat, cold, frost, snow, winds, rain, hail, thunder, &c. And dictionarium rusticum: or, the interpretation of rustick terms. The whole work being of great use and advantage to all that delight in that most noble practice. The second edition, carefully corrected and amended; with many large and useful additions throughout the whole work: by the author. Published for the common good: by J.W. Gent. |
| 260 |
_aLondon _bprinted by J[ames]. C[ottrell]. for T. Dring; and are to be sold by Charles Smith and Tho. Burrell, at the Angel neer the Inner-Temple-gate, and the Golden Ball under St. Dunstans Church in Fleet-street _c1675. |
||
| 300 |
_a[36], 324, [4] p. _bill. _c2o |
||
| 520 | _aJ.W. = John Worlidge. | ||
| 583 |
_aCondition reviewed _c20120620 _lcondition level 2 |
||
| 651 | 4 |
_aGreat Britain _y1707- |
|
| 690 |
_aRural _96268 |
||
| 700 | 1 |
_aHove, Frederick Henderick van _d1628?-1698 _eengraver |
|
| 942 | _n0 | ||
| 999 |
_c113647 _d113647 |
||